000
00276nam a2200121Ia 4500
008
190802s9999 xx 000 0 und d
020
_a
978-969-5541760
100
_a
Shahida Latif
245
0
_a
Moojzah
260
_a
Lahore
_b
Mavra Books
_c
2018
300
_a
160:p
942
_c
BK
999
_c
2415
_d
2415